[Event "Winnipeg Yanofsky Memorial"]
[Site "Winnipeg"]
[Date "2012.07.28"]
[Round "2"]
[White "Cleto, Sam"]
[Black "Chandrashekhar, Iyer"]
[Result "0-1"]
[WhiteElo "1884"]
[BlackElo "2183"]
[PlyCount "70"]
[EventDate "2012.07.27"]
[EventType "swiss"]
[EventRounds "5"]
[EventCountry "CAN"]
[SourceTitle "EXT 2022"]
[Source "ChessBase"]
[SourceDate "2021.10.06"]
[SourceVersion "1"]
[SourceVersionDate "2021.10.06"]
[SourceQuality "1"]

1. Nf3 Nf6 2. c4 e6 3. d4 d5 4. e3 c5 5. Bd3 Nc6 6. 0-0 Bd6 7. dxc5 Bxc5 8. a3 dxc4 9. Bxc4 0-0 10. Qc2 Bd6 11. b4 Ne5 12. Nbd2 Qc7 13. Bb2 Bd7 14. Rac1 Rac8 15. Qb3 Qb8 16. Rfe1 b5 17. Bd3 Bc6 18. e4 Rfd8 19. Bb1 Nfg4 20. h3 Nxf3+ 21. Nxf3 Ne5 22. Nd4 Nc4 23. Nxc6 Rxc6 24. e5 Bf8 25. Qf3 Rc7 26. Bc3 Nxa3 27. Be4 Nc4 28. Bb1 Rcd7 29. Re4 g6 30. h4 Bg7 31. h5 Nxe5 32. Bxe5 Bxe5 33. h6 Bd6 34. Qf6 Bf8 35. Rxe6 Bxh6 0-1

[Event "Winnipeg Yanofsky Memorial"]
[Site "Winnipeg"]
[Date "2012.07.27"]
[Round "1"]
[White "Chandrashekhar, Iyer"]
[Black "Green, Aaron"]
[Result "1/2-1/2"]
[WhiteElo "2183"]
[BlackElo "2002"]
[PlyCount "70"]
[EventDate "2012.07.27"]
[EventType "swiss"]
[EventRounds "5"]
[EventCountry "CAN"]
[SourceTitle "EXT 2022"]
[Source "ChessBase"]
[SourceDate "2021.10.06"]
[SourceVersion "1"]
[SourceVersionDate "2021.10.06"]
[SourceQuality "1"]

1. e4 c5 2. Nf3 d6 3. e5 Nc6 4. Bb5 Bd7 5. exd6 exd6 6. 0-0 Be7 7. Re1 a6 8. Bxc6 Bxc6 9. d4 Qc7 10. Bf4 c4 11. Nbd2 Bd5 12. Qe2 0-0-0 13. c3 h6 14. b3 g5 15. bxc4 Bxf3 16. Nxf3 gxf4 17. Qe4 Rd7 18. c5 Nf6 19. Qf5 Kb8 20. Rxe7 Rxe7 21. Qxf6 Rd8 22. Qxf4 dxc5 23. Qxh6 cxd4 24. cxd4 Re6 25. Qg5 Rg6 26. Qe5 Qd6 27. h4 Re6 28. Qxd6+ Rexd6 29. g3 f5 30. Rc1 b6 31. Rc2 Kb7 32. Kg2 Rg6 33. Rd2 f4 34. Ne5 Rg7 35. g4 Kc7 1/2-1/2